Velký anglicko-český slovník

Gespeichert in:
Bibliographische Detailangaben
Format: Buch
Sprache:Englisch
Tschechisch
Veröffentlicht: Praha Academia 1984
Tags: Tag hinzufügen
Keine Tags, Fügen Sie das erste Tag hinzu!

MARC

LEADER 00000nam a2200000 4500
001 c105929
005 20260108131540.8
041 0 |a eng 
041 0 |a cze 
044 |a CZ 
245 1 0 |a Velký anglicko-český slovník  |c Karel Hais, Břetislav Hodek 
264 1 |a Praha  |b Academia  |c 1984 
300 |a 955 s.